000
00212nam a2200097Ia 4500
008
240331s9999 xx 000 0 und d
082
_b
VIT
100
_a
Vthiyananthan,S
245
0
_a
Ealakkiyath thenral
942
_c
L
999
_c
4775
_d
4775